000 00811nam a22001817a 4500
999 _c80682
_d80682
008 201130b ||||| |||| 00| 0 eng d
040 _bger
_cSTAFF
_erda
_aSTAFF
041 _ager
100 _aWaldmann, Nancy:
245 _aGeprüft durchs Pandemiesemester.
_bViadrina: Am Ende des Halbjahres ist Prüfungszeit. Die meisten Klausuren werden online am Rechner geschrieben. Ist das leichter als eine klassische Prüfung? Und warum macht die Jura-Fakultät nicht mit? /
_cNancy Waldmann
653 _aFrankfurt (Oder)
653 _aEuropa-Universität Viadrina
773 _dFrankfurt (Oder): Märkisches Verlags- und Druckhaus GmbH & Co KG
_g32. Jahrgang (2021) Nr. 30 vom 05.02.2021, S. 13: Abb.
_tMärkische Oderzeitung
942 _cA